000 01325nam0a2200325 4500
001 RU\NLR\BIBL_A\022693702
005 20251224133529.0
010 _a978-5-295-08209-2
_9700
021 _aRU
_bКН-П-25-053251
_9КН-П-25-5134
035 _a(NLR Aleph) 022693702
090 _a13511065
_c13511065
100 _a20251223d2025 c y0rusy50 ca
101 0 _abak
102 _aRU
105 _aac z 000 y
181 0 _ai
_baxxe
182 0 _an
200 1 _aБашҡортостан - батырҙар төйәге
_e[хикәйәләр]
_fСалауат Кәрим
_g[рәссамы Марс Фәрхетдинов]
203 _aТекст
_bвизуальный
_cнепосредственный
210 _aӨфө
_cКитап
_d2025
215 _a79 б.
_cпортр., цв. ил.
_d22
300 _aВ вып. дан. авт.: Салават Карим (Каримов Салават Гайсич).
541 1 _6z01790
_aБашкортостан - край батыров
_e[рассказы для детей].
_zrus
686 1 _aШ9(2)6=Баш-4
700 1 _4070
_7ca
_8bak
_aКәрим
_bС.
_f1960-
_gСалауат
_9153327
_3RU\NLR\AUTH\770153365
702 1 _aФәрхетдинов
_bМ.
_gМарс
_4440
790 1 _6z01541
_aКарим
_bС.
_gСалават
_4070
942 _cBOOK
980 _aNB